[Event "17. European Team Championship 2009"]
[Site "Novi Sad SRB"]
[Date "2009.10.26"]
[Round "5.162"]
[White "Mitkov, Nikola"]
[Black "Saric, Ivan"]
[Result "0-1"]
[WhiteElo "2525"]
[BlackElo "2573"]
[PlyCount "108"]
[EventDate "2009.10.22"]
[EventType "team"]
[EventRounds "9"]
[EventCountry "SER"]
[Source "lmi"]
[SourceDate "2009.10.22"]

1. d4 Nf6 2. Bf4 g6 3. e3 d6 4. h3 Bg7 5. Nf3 O-O 6. Be2 c5 7. Nbd2 Nc6 8. c3
cxd4 9. exd4 e5 10. dxe5 dxe5 11. Nxe5 Nd5 12. Nxc6 bxc6 13. Bg3 Re8 14. O-O
Bxc3 15. Qc1 Rxe2 16. bxc3 Bf5 17. Nf3 Rc2 18. Qh6 Qf8 19. Qh4 Rxc3 20. Be5 Rd3
21. Rac1 Qe7 22. Qh6 f6 23. Ba1 Rc8 24. Rfe1 Qg7 25. Qh4 g5 26. Qc4 Rxf3 27.
gxf3 Bxh3 28. Re4 Bf5 29. Rd4 Qf7 30. Qa6 Qd7 31. Rcd1 Be6 32. Ra4 Rc7 33. Qe2
Qf7 34. f4 Nxf4 35. Rd8+ Kg7 36. Qe3 Bd5 37. Rd6 Qh5 38. f3 Qh3 39. Rxf4 Qg3+
40. Kf1 gxf4 41. Qc3 Qh3+ 42. Kg1 Qg3+ 43. Kf1 Qxf3+ 44. Qxf3 Bxf3 45. Rxf6 Kg8
46. Bd4 Bd5 47. a3 f3 48. Rd6 Kf7 49. Bc5 Rb7 50. Kf2 Rb2+ 51. Kf1 a6 52. Rh6
Bc4+ 53. Ke1 Re2+ 54. Kd1 Bb3+ 0-1

[Event "17. European Team Championship 2009"]
[Site "Novi Sad SRB"]
[Date "2009.10.26"]
[Round "5.164"]
[White "Pancevski, Filip"]
[Black "Jankovic, Alojzije"]
[Result "0-1"]
[WhiteElo "2432"]
[BlackElo "2548"]
[PlyCount "70"]
[EventDate "2009.10.22"]
[EventType "team"]
[EventRounds "9"]
[EventCountry "SER"]
[Source "lmi"]
[SourceDate "2009.10.22"]

1. e4 c5 2. d3 Nc6 3. g3 g6 4. Bg2 Bg7 5. f4 e6 6. Nf3 Nge7 7. O-O O-O 8. c3 b6
9. Be3 Ba6 10. Bf2 Rc8 11. Re1 d6 12. Na3 Qd7 13. Nc2 e5 14. Ne3 exf4 15. gxf4
d5 16. Qa4 Bb7 17. Ng5 d4 18. cxd4 Bxd4 19. Nd5 Rcd8 20. Bh3 Bxf2+ 21. Kxf2 Qd6
22. Nxe7+ Nxe7 23. e5 Qd4+ 24. Qxd4 Rxd4 25. Ne4 Rxd3 26. Bg2 Kg7 27. Rad1 Rfd8
28. Nd6 Rxd1 29. Rxd1 Bxg2 30. Kxg2 Kf8 31. Kf3 Nf5 32. a4 Ke7 33. Nxf5+ gxf5
34. Rc1 Rd4 35. Ke3 Rxa4 0-1

[Event "17. European Team Championship 2009"]
[Site "Novi Sad SRB"]
[Date "2009.10.26"]
[Round "5.171"]
[White "Sulskis, Sarunas"]
[Black "Gunnarsson, Jon Viktor"]
[Result "1/2-1/2"]
[WhiteElo "2568"]
[BlackElo "2462"]
[PlyCount "102"]
[EventDate "2009.10.22"]
[EventType "team"]
[EventRounds "9"]
[EventCountry "SER"]
[Source "lmi"]
[SourceDate "2009.10.22"]

1. e4 c5 2. Nf3 Nc6 3. Bb5 d6 4. c3 Bd7 5. d4 Nf6 6. e5 dxe5 7. dxe5 Ng4 8.
Bxc6 Bxc6 9. Qe2 Bxf3 10. gxf3 Qd5 11. Qb5+ Kd8 12. Ke2 Qxe5+ 13. Be3 Nxe3 14.
fxe3 Kc7 15. Na3 a6 16. Qa5+ b6 17. Qa4 g6 18. Rad1 Qe6 19. Qf4+ Kc6 20. Qa4+
Kc7 21. Qf4+ Kc6 22. Rd3 Bg7 23. Rhd1 g5 24. Qxg5 Be5 25. Qh4 Bc7 26. Kd2 Rad8
27. Kc1 Rxd3 28. Rxd3 b5 29. Nc2 Bd6 30. b3 Qf5 31. Ne1 Rg8 32. Kd1 Rg1 33. Ke2
Rh1 34. f4 Bxf4 35. exf4 c4 36. Rd4 Qe6+ 37. Kd2 cxb3 38. axb3 Qxb3 39. f5 Qb2+
40. Ke3 Rxh2 41. Qg3 Re2+ 42. Kf3 Qxc3+ 43. Nd3 Qxd4 44. Kxe2 Qe4+ 45. Kd2 Qxf5
46. Qe3 a5 47. Qxe7 b4 48. Qe8+ Kd6 49. Qd8+ Ke6 50. Ke3 Qh3+ 51. Kd2 Qg4
1/2-1/2

[Event "17. European Team Championship 2009"]
[Site "Novi Sad SRB"]
[Date "2009.10.26"]
[Round "5.172"]
[White "Arngrimsson, Dagur"]
[Black "Malisauskas, Vidmantas"]
[Result "0-1"]
[WhiteElo "2396"]
[BlackElo "2483"]
[PlyCount "66"]
[EventDate "2009.10.22"]
[EventType "team"]
[EventRounds "9"]
[EventCountry "SER"]
[Source "lmi"]
[SourceDate "2009.10.22"]

1. e4 c6 2. c4 d5 3. exd5 cxd5 4. cxd5 Nf6 5. Bb5+ Nbd7 6. Nc3 g6 7. d4 Bg7 8.
d6 exd6 9. Qe2+ Kf8 10. Nf3 a6 11. Bc4 Nb6 12. Bb3 Qe7 13. Qxe7+ Kxe7 14. O-O
Be6 15. Re1 Kd7 16. Bxe6+ fxe6 17. a4 Nbd5 18. Ra3 h6 19. Rb3 Rab8 20. h4 Rhc8
21. Nd2 Ne7 22. Ne2 Nfd5 23. Nf3 b5 24. axb5 axb5 25. Nc3 b4 26. Nxd5 Nxd5 27.
Bd2 Ra8 28. Re4 h5 29. Ng5 Bh6 30. Nf3 Bxd2 31. Nxd2 Rc2 32. Nf3 Ra1+ 33. Ne1
Nf6 0-1

[Event "17. European Team Championship 2009"]
[Site "Novi Sad SRB"]
[Date "2009.10.26"]
[Round "5.173"]
[White "Cmilyte, Viktorija"]
[Black "Thorfinnsson, Bjorn"]
[Result "1-0"]
[WhiteElo "2477"]
[BlackElo "2395"]
[PlyCount "62"]
[EventDate "2009.10.22"]
[EventType "team"]
[EventRounds "9"]
[EventCountry "SER"]
[Source "lmi"]
[SourceDate "2009.10.22"]

1. c4 c5 2. Nf3 Nc6 3. Nc3 Nf6 4. g3 g6 5. d4 cxd4 6. Nxd4 Bg7 7. Bg2 O-O 8.
O-O d6 9. Nxc6 bxc6 10. Bxc6 Bh3 11. Bxa8 Qxa8 12. f3 Bxf1 13. Kxf1 Rc8 14. Qd3
Nd7 15. Nd5 Kf8 16. Bg5 f6 17. Bf4 Nc5 18. Qd2 Qb7 19. b3 a5 20. Rd1 a4 21. b4
Nd7 22. a3 g5 23. Be3 Ne5 24. Nb6 Rc6 25. c5 dxc5 26. bxc5 g4 27. f4 Nf7 28.
Qd3 e5 29. Nc4 Ke8 30. Qxh7 Bf8 31. Qd3 Qe7 1-0

[Event "17. European Team Championship 2009"]
[Site "Novi Sad SRB"]
[Date "2009.10.26"]
[Round "5.174"]
[White "Thorfinnsson, Bragi"]
[Black "Sarakauskas, Gediminas"]
[Result "1/2-1/2"]
[WhiteElo "2360"]
[BlackElo "2424"]
[PlyCount "53"]
[EventDate "2009.10.22"]
[EventType "team"]
[EventRounds "9"]
[EventCountry "SER"]
[Source "lmi"]
[SourceDate "2009.10.22"]

1. d4 d5 2. c4 c6 3. Nf3 Nf6 4. e3 e6 5. b3 Nbd7 6. Bb2 Bd6 7. Bd3 O-O 8. O-O
Qe7 9. Ne5 c5 10. f4 b6 11. Rf3 cxd4 12. Rh3 Ne4 13. Bxe4 dxe4 14. Nc6 Qf6 15.
Bxd4 e5 16. Qh5 h6 17. fxe5 Nxe5 18. Nxe5 Bxh3 19. Nc6 Qf5 20. Qxh3 Qxh3 21.
gxh3 Rfc8 22. Ne5 h5 23. Nc3 Re8 24. Nc6 Rec8 25. Ne5 Re8 26. Nc6 Rec8 27. Ne5
1/2-1/2

[Event "17. European Team Championship 2009"]
[Site "Novi Sad SRB"]
[Date "2009.10.26"]
[Round "5.192"]
[White "Van Hoolandt, Patrick"]
[Black "Jeitz, Christian"]
[Result "1/2-1/2"]
[WhiteElo "2229"]
[BlackElo "2253"]
[PlyCount "72"]
[EventDate "2009.10.22"]
[EventType "team"]
[EventRounds "9"]
[EventCountry "SER"]
[Source "lmi"]
[SourceDate "2009.10.22"]

1. d4 Nf6 2. c4 g6 3. Nc3 d5 4. cxd5 Nxd5 5. Bd2 Bg7 6. e4 Nb6 7. Be3 O-O 8.
Be2 Nc6 9. Nf3 Bg4 10. d5 Bxf3 11. gxf3 Na5 12. Bd4 Qd6 13. f4 e5 14. Nb5 Qb4+
15. Bc3 Qxe4 16. O-O Nac4 17. b3 Nd6 18. fxe5 Nxb5 19. Bxb5 Nxd5 20. Re1 Nxc3
21. Rxe4 Nxd1 22. Rxd1 Rfd8 23. Rxd8+ Rxd8 24. Bc4 Re8 25. f4 Rd8 26. Kf2 Rd2+
27. Re2 Rd4 28. Ke3 c5 29. Rd2 Rxd2 30. Kxd2 Kf8 31. Ke3 Ke7 32. Ke4 Bh6 33. h3
b6 34. a4 Bg7 35. Bd5 Bh6 36. Bc4 Bg7 1/2-1/2

[Event "17. European Team Championship 2009"]
[Site "Novi Sad SRB"]
[Date "2009.10.26"]
[Round "5.193"]
[White "Linster, Philippe"]
[Black "Ribbegren, Karl Johan"]
[Result "1-0"]
[WhiteElo "2230"]
[BlackElo "2158"]
[PlyCount "139"]
[EventDate "2009.10.22"]
[EventType "team"]
[EventRounds "9"]
[EventCountry "SER"]
[Source "lmi"]
[SourceDate "2009.10.22"]

1. d4 g6 2. c4 Bg7 3. e4 d6 4. Nc3 Nc6 5. Be3 e5 6. d5 Nce7 7. c5 Nf6 8. cxd6
cxd6 9. Qa4+ Bd7 10. Bb5 O-O 11. Bxd7 Nxd7 12. Nh3 Nc8 13. O-O Qe7 14. f3 Ncb6
15. Qb3 Rfc8 16. a4 Nc5 17. Qc2 Nc4 18. Bc1 Na6 19. b3 Na5 20. Bd2 Qc7 21. Nf2
Qb6 22. Rab1 Nb4 23. Qd1 a6 24. Kh1 Rc7 25. Ng4 Rcc8 26. Be3 Qd8 27. Qd2 b6 28.
Rfc1 Nb7 29. Na2 Nxa2 30. Qxa2 f5 31. Nf2 a5 32. Rc6 Nc5 33. exf5 gxf5 34. Qc2
Rxc6 35. dxc6 Qc8 36. Qc4+ Kf8 37. Qd5 Qc7 38. Rd1 Rd8 39. Bg5 Rc8 40. Qxd6+
Qxd6 41. Rxd6 Kf7 42. h4 Ne6 43. Be3 Bf8 44. Rd7+ Ke8 45. Rxh7 Rxc6 46. Rb7 Nd4
47. Nh3 Rc3 48. Rb8+ Ke7 49. Bg5+ Kf7 50. Rxb6 Bb4 51. Rf6+ Kg8 52. h5 f4 53.
Rg6+ Kf8 54. h6 Kf7 55. Rg7+ Kf8 56. Bf6 Rc1+ 57. Kh2 Be1 58. Nxf4 exf4 59.
Bxd4 Bg3+ 60. Kh3 Rh1+ 61. Kg4 Rxh6 62. Ra7 Rh4+ 63. Kg5 Rh2 64. Rxa5 Rxg2 65.
Kf5 Rd2 66. Rd5 Kf7 67. a5 Rd3 68. a6 Rxb3 69. a7 Ra3 70. Rd8 1-0

[Event "17. European Team Championship 2009"]
[Site "Novi Sad SRB"]
[Date "2009.10.26"]
[Round "5.194"]
[White "Iclicki, Willy"]
[Black "Serban, Vlad"]
[Result "0-1"]
[WhiteElo "2052"]
[BlackElo "2206"]
[PlyCount "112"]
[EventDate "2009.10.22"]
[EventType "team"]
[EventRounds "9"]
[EventCountry "SER"]
[Source "lmi"]
[SourceDate "2009.10.22"]

1. d4 Nf6 2. c4 g6 3. Nc3 d5 4. Nf3 Bg7 5. Bg5 Ne4 6. Bh4 c5 7. cxd5 Nxc3 8.
bxc3 Qxd5 9. e3 Nc6 10. Be2 cxd4 11. cxd4 Qa5+ 12. Qd2 Qxd2+ 13. Kxd2 a6 14.
Rac1 Bf5 15. Rc5 O-O 16. Bd3 Bxd3 17. Kxd3 Rfe8 18. Bg3 Rac8 19. Ke2 b6 20. Rc2
Nb4 21. Rxc8 Rxc8 22. Rb1 Nd5 23. Rb2 b5 24. Be5 f6 25. Bg3 Rc1 26. Kd2 Ra1 27.
Kc2 Nb6 28. Kb3 Nc4 29. Re2 e6 30. Ne1 Bf8 31. Nd3 a5 32. Nc5 a4+ 33. Kc3 Kf7
34. f3 Rc1+ 35. Kd3 b4 36. Rc2 Rxc2 37. Kxc2 b3+ 38. axb3 axb3+ 39. Nxb3 Nxe3+
40. Kd3 Nxg2 41. Ke2 Bh6 42. Na5 Nf4+ 43. Bxf4 Bxf4 44. h3 g5 45. Nb3 Ke7 46.
Kd3 Kd6 47. Nc5 f5 48. Nb7+ Kd5 49. Na5 h5 50. Nc4 g4 51. fxg4 fxg4 52. hxg4
hxg4 53. Nb6+ Kc6 54. Nc8 g3 55. Ne7+ Kd7 56. Ng6 g2 0-1

[Event "17. European Team Championship 2009"]
[Site "Novi Sad SRB"]
[Date "2009.10.27"]
[Round "6.13"]
[White "Guseinov, Gadir"]
[Black "Alekseev, Evgeny"]
[Result "1/2-1/2"]
[WhiteElo "2667"]
[BlackElo "2725"]
[PlyCount "52"]
[EventDate "2009.10.22"]
[EventType "team"]
[EventRounds "9"]
[EventCountry "SER"]
[Source "lmi"]
[SourceDate "2009.10.22"]

1. e4 e5 2. Nf3 Nc6 3. Bb5 Nf6 4. O-O Nxe4 5. d4 Nd6 6. Bxc6 dxc6 7. dxe5 Nf5
8. Qxd8+ Kxd8 9. Nc3 Ke8 10. Ne2 Ne7 11. Ng3 Bg4 12. Nd4 c5 13. Nb5 Kd7 14. c4
Kc6 15. Nc3 Rd8 16. f3 Be6 17. b3 h6 18. Bb2 g6 19. Nce4 b6 20. Ne2 Bg7 21. Nf4
Bc8 22. Rad1 Nf5 23. Nd5 Be6 24. Nf4 Bc8 25. Nd5 Be6 26. Nf4 Bc8 1/2-1/2

[Event "17. European Team Championship 2009"]
[Site "Novi Sad SRB"]
[Date "2009.10.27"]
[Round "6.24"]
[White "Sanikidze, Tornike"]
[Black "Kryvoruchko, Yuriy"]
[Result "1/2-1/2"]
[WhiteElo "2600"]
[BlackElo "2612"]
[PlyCount "60"]
[EventDate "2009.10.22"]
[EventType "team"]
[EventRounds "9"]
[EventCountry "SER"]
[Source "lmi"]
[SourceDate "2009.10.22"]

1. d4 Nf6 2. c4 e6 3. Nf3 d5 4. Nc3 c5 5. cxd5 Nxd5 6. e4 Nxc3 7. bxc3 cxd4 8.
cxd4 Bb4+ 9. Bd2 Bxd2+ 10. Qxd2 O-O 11. Bd3 Nc6 12. Qc3 Qd6 13. Rd1 Rd8 14. O-O
Qb4 15. Qxb4 Nxb4 16. Bc4 b5 17. Bxb5 Nxa2 18. Ra1 Nc3 19. Bc6 Rb8 20. Rxa7
Ne2+ 21. Kh1 Nxd4 22. Nxd4 Rxd4 23. h3 Rd6 24. Rc1 e5 25. Ra5 f6 26. Bd5+ Be6
27. Bxe6+ Rxe6 28. Rc7 Kh8 29. Raa7 Rg8 30. g3 Rb6 1/2-1/2

[Event "17. European Team Championship 2009"]
[Site "Novi Sad SRB"]
[Date "2009.10.27"]
[Round "6.44"]
[White "Feller, Sebastien"]
[Black "Werle, Jan"]
[Result "1-0"]
[WhiteElo "2570"]
[BlackElo "2563"]
[PlyCount "65"]
[EventDate "2009.10.22"]
[EventType "team"]
[EventRounds "9"]
[EventCountry "SER"]
[Source "lmi"]
[SourceDate "2009.10.22"]

1. d4 Nf6 2. c4 e6 3. Nf3 b6 4. g3 Bb7 5. Bg2 Be7 6. O-O O-O 7. d5 exd5 8. Nh4
c6 9. cxd5 Nxd5 10. Nf5 Nc7 11. e4 d5 12. Nc3 Bf6 13. exd5 cxd5 14. Bf4 Nba6
15. Nd6 Bc6 16. Nxd5 Nxd5 17. Bxd5 Bxd5 18. Qxd5 Nc5 19. Rad1 Bxb2 20. h4 Qd7
21. Qf3 Qa4 22. Bg5 Qxa2 23. Be7 Be5 24. Nf5 Qb3 25. Qg4 g6 26. Rfe1 h5 27. Qg5
Bh8 28. Rd6 Qc3 29. Re3 Qa1+ 30. Kg2 Bg7 31. Bf6 Bxf6 32. Rxf6 Rae8 33. Rxe8
1-0

[Event "17. European Team Championship 2009"]
[Site "Novi Sad SRB"]
[Date "2009.10.27"]
[Round "6.51"]
[White "Ivanisevic, Ivan"]
[Black "Almasi, Zoltan"]
[Result "1/2-1/2"]
[WhiteElo "2614"]
[BlackElo "2685"]
[PlyCount "80"]
[EventDate "2009.10.22"]
[EventType "team"]
[EventRounds "9"]
[EventCountry "SER"]
[Source "lmi"]
[SourceDate "2009.10.22"]

1. d4 Nf6 2. c4 e6 3. Nc3 Bb4 4. Qc2 O-O 5. e4 d5 6. e5 Ne4 7. Bd3 c5 8. Nge2
cxd4 9. Nxd4 Nd7 10. Bf4 Qh4 11. g3 Qh5 12. O-O g5 13. cxd5 gxf4 14. Bxe4 Nxe5
15. dxe6 fxe6 16. f3 Nc4 17. Qb3 Qc5 18. Rf2 Ba5 19. Nce2 Nd2 20. Bxh7+ Kxh7
21. Qd3+ Kh8 22. Qg6 Bd7 23. Kh1 Bb6 24. Qh6+ Kg8 25. Qg6+ Kh8 26. gxf4 Qe7 27.
Qd3 Rad8 28. Qxd2 Qf6 29. Qb4 Rg8 30. Rff1 e5 31. fxe5 Qxe5 32. Rg1 Bh3 33. Qd2
Qf6 34. Rxg8+ Rxg8 35. Rg1 Rxg1+ 36. Nxg1 Bxd4 37. Nxh3 Qxf3+ 38. Qg2 Qxg2+ 39.
Kxg2 Bxb2 40. Nf4 Kg7 1/2-1/2

[Event "17. European Team Championship 2009"]
[Site "Novi Sad SRB"]
[Date "2009.10.27"]
[Round "6.63"]
[White "Hracek, Zbynek"]
[Black "Delchev, Aleksander"]
[Result "1/2-1/2"]
[WhiteElo "2606"]
[BlackElo "2635"]
[PlyCount "50"]
[EventDate "2009.10.22"]
[EventType "team"]
[EventRounds "9"]
[EventCountry "SER"]
[Source "lmi"]
[SourceDate "2009.10.22"]

1. e4 e5 2. Nf3 Nc6 3. Bb5 a6 4. Ba4 Nf6 5. O-O b5 6. Bb3 Bc5 7. a4 Rb8 8. c3
d6 9. d4 Bb6 10. axb5 axb5 11. Na3 O-O 12. Nxb5 Bg4 13. Bc2 Qd7 14. Bg5 Nb4 15.
cxb4 Qxb5 16. dxe5 dxe5 17. Qd3 Qxd3 18. Bxd3 Bxf3 19. gxf3 h6 20. Bxf6 gxf6
21. Bc4 Rfd8 22. Bd5 f5 23. Rfc1 Rd6 24. Rc6 Rxc6 25. Bxc6 Rd8 1/2-1/2

[Event "17. European Team Championship 2009"]
[Site "Novi Sad SRB"]
[Date "2009.10.27"]
[Round "6.71"]
[White "Meier, Georg"]
[Black "Roiz, Michael"]
[Result "1/2-1/2"]
[WhiteElo "2664"]
[BlackElo "2658"]
[PlyCount "41"]
[EventDate "2009.10.22"]
[EventType "team"]
[EventRounds "9"]
[EventCountry "SER"]
[Source "lmi"]
[SourceDate "2009.10.22"]

1. Nf3 d5 2. d4 Nf6 3. c4 e6 4. g3 Bb4+ 5. Bd2 Be7 6. Bg2 c6 7. O-O O-O 8. Bf4
Nbd7 9. Qc2 b6 10. Rd1 Ba6 11. Ne5 Rc8 12. cxd5 cxd5 13. Nc6 Nh5 14. Be3 Nb8
15. Nxe7+ Qxe7 16. Nc3 Nf6 17. Rac1 Nc6 18. Bg5 h6 19. Bxf6 Qxf6 20. Qa4 Bb7
21. e3 1/2-1/2

[Event "17. European Team Championship 2009"]
[Site "Novi Sad SRB"]
[Date "2009.10.27"]
[Round "6.72"]
[White "Mikhalevski, Victor"]
[Black "Fridman, Daniel"]
[Result "1/2-1/2"]
[WhiteElo "2625"]
[BlackElo "2661"]
[PlyCount "58"]
[EventDate "2009.10.22"]
[EventType "team"]
[EventRounds "9"]
[EventCountry "SER"]
[Source "lmi"]
[SourceDate "2009.10.22"]

1. d4 d5 2. c4 c6 3. Nf3 Nf6 4. e3 Bf5 5. Nc3 e6 6. Nh4 Bg6 7. Be2 dxc4 8. Nxg6
hxg6 9. Bxc4 Nbd7 10. Bd2 Bd6 11. Qb3 Nb6 12. Be2 e5 13. dxe5 Bxe5 14. O-O-O
Qe7 15. Bf3 O-O-O 16. Ne2 Qc5+ 17. Qc2 Na4 18. Nc3 Bxc3 19. Bxc3 Rxd1+ 20. Kxd1
Nxc3+ 21. Qxc3 Qxc3 22. bxc3 g5 23. g4 Kc7 24. h3 Re8 25. Kc2 Re5 26. h4 gxh4
27. Rxh4 Ra5 28. Kb2 Rb5+ 29. Kc2 Ra5 1/2-1/2

[Event "17. European Team Championship 2009"]
[Site "Novi Sad SRB"]
[Date "2009.10.27"]
[Round "6.73"]
[White "Gustafsson, Jan"]
[Black "Postny, Evgeny"]
[Result "0-1"]
[WhiteElo "2622"]
[BlackElo "2651"]
[PlyCount "128"]
[EventDate "2009.10.22"]
[EventType "team"]
[EventRounds "9"]
[EventCountry "SER"]
[Source "lmi"]
[SourceDate "2009.10.22"]

1. d4 Nf6 2. c4 e6 3. Nf3 b6 4. g3 Ba6 5. Qa4 Bb7 6. Bg2 c5 7. dxc5 bxc5 8. O-O
Be7 9. Nc3 O-O 10. Rd1 Qb6 11. Bf4 Rd8 12. Rd2 d6 13. Rad1 a6 14. Ng5 Bxg2 15.
Kxg2 Ne8 16. Nge4 Kf8 17. g4 Ra7 18. a3 Rb7 19. Kg1 Qc7 20. Qc2 Qc6 21. Qd3 h6
22. Qg3 Rbd7 23. Rd3 g5 24. Qh3 Kg7 25. Bc1 Nf6 26. Qf3 Nxe4 27. Nxe4 d5 28.
cxd5 Rxd5 29. b3 Rxd3 30. Rxd3 Rxd3 31. Qxd3 Qd5 32. Bb2+ f6 33. Qc2 Nd7 34.
Ng3 Nf8 35. Qc4 Qxc4 36. bxc4 Kg6 37. Nf1 f5 38. f3 Bf6 39. Bxf6 Kxf6 40. Kf2
Nd7 41. gxf5 exf5 42. Nd2 Nb6 43. Ke3 Ke5 44. Kd3 h5 45. e3 g4 46. f4+ Ke6 47.
e4 h4 48. Ke3 a5 49. e5 a4 50. Kf2 Kd7 51. h3 Ke6 52. Kg2 Nd7 53. Nf1 Nxe5 54.
fxe5 Kxe5 55. Ne3 gxh3+ 56. Kxh3 Kd4 57. Nxf5+ Kxc4 58. Nd6+ Kb3 59. Nb7 c4 60.
Na5+ Kc3 61. Kxh4 Kd3 62. Nc6 c3 63. Kg3 c2 64. Nb4+ Kd2 0-1

[Event "17. European Team Championship 2009"]
[Site "Novi Sad SRB"]
[Date "2009.10.27"]
[Round "6.74"]
[White "Avrukh, Boris"]
[Black "Khenkin, Igor"]
[Result "1/2-1/2"]
[WhiteElo "2668"]
[BlackElo "2613"]
[PlyCount "36"]
[EventDate "2009.10.22"]
[EventType "team"]
[EventRounds "9"]
[EventCountry "SER"]
[Source "lmi"]
[SourceDate "2009.10.22"]

1. d4 Nf6 2. c4 e6 3. Nf3 d5 4. Nc3 Bb4 5. Bg5 h6 6. Bxf6 Qxf6 7. Qb3 c5 8.
cxd5 exd5 9. a3 Bxc3+ 10. Qxc3 Nd7 11. e3 O-O 12. Be2 b6 13. O-O Bb7 14. a4
Rfc8 15. Rfc1 Qe7 16. Qa3 Kf8 17. dxc5 bxc5 18. Rc2 Rab8 1/2-1/2

[Event "17. European Team Championship 2009"]
[Site "Novi Sad SRB"]
[Date "2009.10.27"]
[Round "6.93"]
[White "Elsness, Frode"]
[Black "Nevednichy, Vladislav"]
[Result "1/2-1/2"]
[WhiteElo "2458"]
[BlackElo "2601"]
[PlyCount "70"]
[EventDate "2009.10.22"]
[EventType "team"]
[EventRounds "9"]
[EventCountry "SER"]
[Source "lmi"]
[SourceDate "2009.10.22"]

1. d4 g6 2. e4 Bg7 3. Nf3 d6 4. Bc4 a6 5. O-O e6 6. Bb3 Nd7 7. c3 b6 8. Qe2 Bb7
9. Rd1 h6 10. Nbd2 Ngf6 11. e5 dxe5 12. dxe5 Nd5 13. Ne4 Qe7 14. Ng3 O-O 15.
Bd2 b5 16. h3 Rfd8 17. a4 bxa4 18. Bxa4 N5b6 19. Bb3 a5 20. Ne4 a4 21. Ba2 Ba6
22. c4 Rab8 23. Rac1 Nxe5 24. Nxe5 Bxe5 25. Bxh6 Nd7 26. Rc2 Nc5 27. Bg5 f6 28.
Nxc5 Qxc5 29. Be3 Qc6 30. Rcd2 Rxd2 31. Rxd2 Kg7 32. Bd4 Bxd4 33. Rxd4 e5 34.
Rg4 Bc8 35. Rg3 Bf5 1/2-1/2

[Event "17. European Team Championship 2009"]
[Site "Novi Sad SRB"]
[Date "2009.10.27"]
[Round "6.94"]
[White "Szabo, Gergely-Andras-Gyul"]
[Black "Thomassen, Joachim"]
[Result "1/2-1/2"]
[WhiteElo "2526"]
[BlackElo "2332"]
[PlyCount "108"]
[EventDate "2009.10.22"]
[EventType "team"]
[EventRounds "9"]
[EventCountry "SER"]
[Source "lmi"]
[SourceDate "2009.10.22"]

1. e4 c5 2. Nf3 d6 3. d4 cxd4 4. Qxd4 Nc6 5. Bb5 Bd7 6. Bxc6 Bxc6 7. Nc3 Nf6 8.
Bg5 e6 9. O-O-O Be7 10. Rhe1 O-O 11. Kb1 h6 12. Bh4 Re8 13. Bg3 d5 14. Ne5 Qa5
15. exd5 Bxd5 16. Nxd5 Nxd5 17. c4 Nb4 18. a3 Na6 19. Qf4 Rf8 20. Qd2 Qxd2 21.
Rxd2 Rfd8 22. Red1 Kf8 23. b4 Ke8 24. c5 Rxd2 25. Rxd2 Rc8 26. Rc2 Nc7 27. c6
b6 28. Ka2 f6 29. Nf3 e5 30. Nd2 Ne6 31. Nb3 a6 32. f3 Nd8 33. c7 Ne6 34. Rc6
Nxc7 35. Rxb6 Nd5 36. Rxa6 Bxb4 37. Kb2 Bc3+ 38. Kc2 Ne3+ 39. Kd3 Nxg2 40. Ra7
Kf8 41. Ke4 Kg8 42. a4 Rb8 43. Nc5 Bd4 44. Rb7 f5+ 45. Kxf5 Rf8+ 46. Ke4 Bxc5
47. Bxe5 Rf7 48. Rxf7 Kxf7 49. a5 Ba7 50. a6 Nh4 51. Bd4 Bb8 52. Be5 Ba7 53.
Bd4 Bb8 54. Be5 Ba7 1/2-1/2

[Event "17. European Team Championship 2009"]
[Site "Novi Sad SRB"]
[Date "2009.10.27"]
[Round "6.103"]
[White "Stanec, Nikolaus"]
[Black "Conquest, Stuart C"]
[Result "1/2-1/2"]
[WhiteElo "2541"]
[BlackElo "2563"]
[PlyCount "23"]
[EventDate "2009.10.22"]
[EventType "team"]
[EventRounds "9"]
[EventCountry "SER"]
[Source "lmi"]
[SourceDate "2009.10.22"]

1. c4 e6 2. Nc3 d5 3. cxd5 exd5 4. d4 c6 5. Bf4 Bf5 6. e3 Nd7 7. Bd3 Bxd3 8.
Qxd3 Ngf6 9. Nf3 Be7 10. h3 O-O 11. O-O Re8 12. Bh2 1/2-1/2

[Event "17. European Team Championship 2009"]
[Site "Novi Sad SRB"]
[Date "2009.10.27"]
[Round "6.104"]
[White "Williams, Simon K"]
[Black "Neubauer, Martin"]
[Result "1/2-1/2"]
[WhiteElo "2545"]
[BlackElo "2448"]
[PlyCount "47"]
[EventDate "2009.10.22"]
[EventType "team"]
[EventRounds "9"]
[EventCountry "SER"]
[Source "lmi"]
[SourceDate "2009.10.22"]

1. d4 Nf6 2. c4 e6 3. Nf3 d5 4. Nc3 Bb4 5. cxd5 exd5 6. Bg5 Nbd7 7. e3 c5 8.
Be2 Qa5 9. O-O Bxc3 10. bxc3 c4 11. Nd2 Qxc3 12. e4 Qxd4 13. Be3 Qe5 14. exd5
O-O 15. Nxc4 Qxd5 16. Rc1 Qe6 17. Re1 Nb6 18. Nxb6 axb6 19. Bc4 Qf5 20. Bxb6
Be6 21. Bxe6 fxe6 22. Qb3 Nd5 23. Bd4 Rf7 24. g3 1/2-1/2

[Event "17. European Team Championship 2009"]
[Site "Novi Sad SRB"]
[Date "2009.10.27"]
[Round "6.111"]
[White "Papaioannou, Ioannis"]
[Black "Haznedaroglu, Kivanc"]
[Result "1-0"]
[WhiteElo "2628"]
[BlackElo "2499"]
[PlyCount "145"]
[EventDate "2009.10.22"]
[EventType "team"]
[EventRounds "9"]
[EventCountry "SER"]
[Source "lmi"]
[SourceDate "2009.10.22"]

1. d4 d5 2. Nf3 Nf6 3. c4 c6 4. e3 Bg4 5. Qb3 Qb6 6. Nc3 e6 7. Nh4 Bh5 8. h3 g5
9. Nf3 h6 10. Bd3 Rg8 11. cxd5 Qxb3 12. axb3 exd5 13. g4 Bg6 14. Bxg6 Rxg6 15.
Ne5 Rg8 16. f3 Nfd7 17. Nd3 Na6 18. Bd2 O-O-O 19. Kf2 Kb8 20. h4 Nc7 21. hxg5
hxg5 22. Rh7 Bg7 23. Ne2 Ne6 24. Bb4 Ndf8 25. Rhh1 Ng6 26. Ng3 Bf8 27. Bxf8
Rdxf8 28. Nf5 a6 29. b4 Kc7 30. Nc5 Nd8 31. Rh5 Rh8 32. Kg3 Ne6 33. Nxe6+ fxe6
34. Ng7 Kd6 35. Rxg5 Ne7 36. Nh5 Ra8 37. Nf4 Rhg8 38. Re5 Nf5+ 39. Kf2 Ng7 40.
Rg5 Raf8 41. Rg6 Re8 42. Rh1 b6 43. Nd3 Re7 44. Rh7 Kc7 45. Rg5 a5 46. bxa5
bxa5 47. Nc5 Kb6 48. Ke2 Kb5 49. Kd2 e5 50. Nd3 exd4 51. exd4 a4 52. Kc3 Ne6
53. Rxg8 Rxh7 54. Rb8+ Ka5 55. Ne5 Rc7 56. Re8 Nf4 57. Kd2 Kb6 58. Rb8+ Ka6 59.
Nd3 Ne6 60. Kc3 Ka5 61. Re8 Ng5 62. Rf8 Kb5 63. Rf5 Ne6 64. Re5 Nf8 65. f4 Ra7
66. Re8 Nd7 67. Ne5 Nb6 68. Rf8 Rh7 69. f5 Rh3+ 70. Kc2 Rh2+ 71. Kb1 a3 72.
bxa3 Ka6 73. f6 1-0